Handbook of mathematical economics

Gespeichert in:
Bibliographische Detailangaben
Weitere Verfasser: Arrow, Kenneth J., Intriligator, Michael D.
Format: Buch
Sprache:Englisch
Veröffentlicht: Amsterdam Elsevier 1998
Ausgabe:1. ed., 6. impression
Schriftenreihe:Handbooks in economics Book 1
Schlagworte:
Tags: Tag hinzufügen
Keine Tags, Fügen Sie das erste Tag hinzu!

MARC

LEADER 00000nam$a2200000$$$4500
001 0030696
005 20240111125547.4
020 |a 0-444-86127-0 
041 0 |a eng 
044 |a NL 
245 1 0 |a Handbook of mathematical economics  |c Edited by Kenneth J. Arrow and Michael D. Intriligator 
250 |a 1. ed., 6. impression 
264 1 |a Amsterdam  |b Elsevier  |c 1998 
300 |a s. 382-1070 
490 1 |a Handbooks in economics  |v Book 1 
830 0 |a Handbooks in economics  |v Book 1 
610 2 0 |a ekonómia matematická 
610 2 0 |a teórie ekonomické 
610 2 0 |a mikroekonomika 
610 2 0 |a teória spotreby 
610 2 0 |a teória výroby 
610 2 0 |a oligopoly 
610 2 0 |a investície 
610 2 0 |a dopyt 
610 2 0 |a trh 
610 2 0 |a funkcie dopytové 
610 2 0 |a rovnováha hospodárska 
610 2 0 |a stabilita hospodárstva 
610 2 0 |a ekonómia 
700 1 |a Arrow, Kenneth J. 
700 1 |a Intriligator, Michael D.